読売ジャイアンツ2021選手クイズ - Statistics

General Stats
  • This quiz has been taken 445 times
  • The average score is 24 of 58
Answer Stats
ポジション 選手 % Correct
内野手 #6 坂本 勇人
94%
捕手 #24 大城 卓三
89%
内野手 #25 岡本 和真
88%
捕手 #22 小林 誠司
87%
右投手 #18 菅野 智之
86%
外野手 #8 丸 佳浩
86%
右投手 #20 戸郷 翔征
82%
内野手 #29 吉川 尚輝
78%
捕手 #38 岸田 行倫
72%
内野手 #10 中田 翔
69%
左投手 #53 高梨 雄平
60%
外野手 #13 梶谷 隆幸
58%
内野手 #5 中島 宏之
54%
内野手 #0 増田 大輝
53%
外野手 #9 亀井 善行
53%
左投手 #47 髙橋 優貴
52%
右投手 #99 山口 俊
51%
外野手 #31 松原 聖弥
49%
左投手 #41 中川 皓太
49%
右投手 #59 田中 豊樹
46%
右投手 #21 井納 翔一
45%
内野手 #48 ウィーラー
43%
内野手 #37 若林 晃弘
41%
外野手 #43 重信 慎之介
41%
右投手 #49 ビエイラ
39%
内野手 #68 秋広 優人
39%
右投手 #12 デラロサ
38%
捕手 #27 炭谷 銀仁朗
37%
内野手 #00 湯浅 大
35%
左投手 #26 今村 信貴
35%
内野手 #52 北村 拓己
35%
右投手 #11 平内 龍太
34%
左投手 #42 メルセデス
34%
右投手 #35 桜井 俊貴
33%
外野手 #2 陽 岱鋼
32%
外野手 #39 立岡 宗一郎
32%
内野手 #32 廣岡 大志
31%
外野手 #36 石川 慎吾
31%
内野手 #10 スモーク
30%
右投手 #45 畠 世周
30%
右投手 #17 大竹 寛
29%
左投手 #64 大江 竜聖
28%
右投手 #30 鍵谷 陽平
27%
外野手 #44 テームズ
27%
左投手 #50 戸根 千明
26%
左投手 #57 高木 京介
24%
左投手 #62 横川 凱
23%
右投手 #15 サンチェス
22%
右投手 #23 野上 亮磨
21%
外野手 #28 ハイネマン
20%
内野手 #66 香月 一也
20%
右投手 #54 直江 大輔
18%
外野手 #51 八百板 卓丸
15%
右投手 #90 戸田 懐生
13%
右投手 #63 古川 侑利
12%
右投手 #92 沼田 翔平
10%
内野手 #93 平間 隼人
10%
内野手 #98 ウレーニャ
10%
No matching quizzes found
Score Distribution
Percent of People with Each Score
Percentile by Number Answered
Your Score History
You have not taken this quiz